Größte Städte Brandenburg - Statistiken

Allgemein
  • Dieses Quiz wurde 28 mal gespielt
  • Das Durchschnittsergebnis liegt bei 4 aus 5
Antwortstatistiken
Einwohner Antwort % Korrekt
74.000 Brandenburg an der Havel
96%
186.000 Potsdam
96%
100.000 Cottbus
89%
59.000 Frankfurt (Oder)
70%
48.000 Oranienburg
41%
Keine übereinstimmenden Quizze gefunden
Verteilung der Resultate
Anzahl Personen mit jedem Resultat
Perzentil nach korrekt beantworteten Fragen
Ihre Resultats-Entwicklung
Sie haben dieses Quiz noch nicht gespielt